Химия природных энергоносителей и углеродных материалов: примеры и задачи: учебное пособие

Opis bibliograficzny
1. autor: Левашова А. И. Альбина Ивановна
Korporacja: Томский политехнический университет (ТПУ) Институт дистанционного образования (ИДО)
Kolejni autorzy: Ушева Н. В. Наталья Викторовна
Streszczenie:В пособии в краткой форме изложены теоретические вопросы по физико-химическим свойствам нефти. По всем разделам даны задачи по расчету физико-химических свойств нефти, газов и газоконденсатов. Приведены примеры использования этих расчетов при смешении нефтей и нефтепродуктов. В расчетах физико-химических свойств применены эмпирические зависимости, отраженные в номограммах. Для контроля знаний включен справочный материал. Пособие подготовлено на кафедре химической технологии топлива, соответствует программе дисциплины «Химия природных энергоносителей и углеродных материалов» и предназначено для студентов Института дистанционного образования направления 655000 "Химическая технология органических веществ и топлива" по специальности 250400 "Химическая технология природных энергоносителей и углеродных материалов".
Język:rosyjski
Wydane: Томск, Изд-во ТПУ, 2008
Wydanie:2-е изд., стер.
Hasła przedmiotowe:
Format: MixedMaterials Książka
KOHA link:https://koha.lib.tpu.ru/cgi-bin/koha/opac-detail.pl?biblionumber=166465

MARC

LEADER 00000nam0a2200000 4500
001 166465
005 20231101222627.0
035 |a (RuTPU)RU\TPU\book\180575 
035 |a RU\TPU\book\63371 
090 |a 166465 
100 |a 20091002d2008 m y0rusy50 ca 
101 0 |a rus 
102 |a RU 
105 |a a j 001zy 
200 1 |a Химия природных энергоносителей и углеродных материалов: примеры и задачи  |e учебное пособие  |f А. И. Левашова, Н. В. Ушева  |g Томский политехнический университет (ТПУ), Институт дистанционного образования 
205 |a 2-е изд., стер. 
210 |a Томск  |c Изд-во ТПУ  |d 2008 
215 |a 92 с.  |c ил. 
320 |a Библиогр.: с. 89. 
330 |a В пособии в краткой форме изложены теоретические вопросы по физико-химическим свойствам нефти. По всем разделам даны задачи по расчету физико-химических свойств нефти, газов и газоконденсатов. Приведены примеры использования этих расчетов при смешении нефтей и нефтепродуктов. В расчетах физико-химических свойств применены эмпирические зависимости, отраженные в номограммах. Для контроля знаний включен справочный материал. Пособие подготовлено на кафедре химической технологии топлива, соответствует программе дисциплины «Химия природных энергоносителей и углеродных материалов» и предназначено для студентов Института дистанционного образования направления 655000 "Химическая технология органических веществ и топлива" по специальности 250400 "Химическая технология природных энергоносителей и углеродных материалов". 
451 1 |0 (RuTPU)RU\TPU\book\63371  |t Химия природных энергоносителей и углеродных материалов: примеры и задачи  |o учебное пособие  |f А. И. Левашова, Н. В. Ушева  |g Томский политехнический университет  |c Томск  |n Изд-во ТПУ  |d 2003  |p 87 с.  |a Левашова, Альбина Ивановна 
606 1 |a Нефть  |x Физико-химический анализ  |2 stltpush  |3 (RuTPU)RU\TPU\subj\33803  |9 55937 
610 1 |a химическая технология 
610 1 |a нефть 
610 1 |a физико-химические свойства 
610 1 |a состав 
610 1 |a расчетные методы 
610 1 |a компоненты 
610 1 |a молекулярный состав 
610 1 |a вязкость 
610 1 |a газы 
610 1 |a газоконденсат 
610 1 |a смешивание 
610 1 |a фазы 
610 1 |a гравитационное разделение 
610 1 |a примеры 
610 1 |a задачи 
610 1 |a решения 
610 1 |a учебные пособия 
610 1 |a труды учёных ТПУ 
610 1 |a дистанционное образование 
610 1 |a природные энергоносители 
610 1 |a углеродные материалы 
610 1 |a природные энергоносители 
675 |a 665.61(076)  |v 3 
700 1 |a Левашова  |b А. И.  |c химик-технолог  |c доцент Томского политехнического университета, кандидат химических наук  |f 1945-  |g Альбина Ивановна  |2 stltpush  |3 (RuTPU)RU\TPU\pers\30344 
701 1 |a Ушева  |b Н. В.  |c химик  |c доцент Томского политехнического университета, кандидат химических наук  |f 1948-  |g Наталья Викторовна  |2 stltpush  |3 (RuTPU)RU\TPU\pers\24906  |4 070 
712 0 2 |a Томский политехнический университет (ТПУ)  |b Институт дистанционного образования (ИДО)  |2 stltpush  |3 (RuTPU)RU\TPU\col\12625 
801 1 |a RU  |b 63413507  |c 20040128  |g PSBO 
801 2 |a RU  |b 63413507  |c 20210608  |g PSBO 
900 |a Химия природных энергоносителей и углеродных материалов 
900 |a Моделирование сложных многокомпонентных химических процессов 
900 |a Технология и математическое моделирование многокомпонентных массобменных и химических процессов 
942 |c BK